| 000 | 00549nam a2200181Ia 4500 | ||
|---|---|---|---|
| 999 |
_c23130 _d23130 |
||
| 003 | OSt | ||
| 005 | 20200515090750.0 | ||
| 008 | 190216s9999||||xx |||||||||||||| ||und|| | ||
| 020 | _a9789675062384 | ||
| 040 | _coclc | ||
| 082 |
_a297.352 _bGHA/S |
||
| 100 |
_aAl - Ghazali _92196 |
||
| 245 | 4 |
_aThe Secrets Of Pilgrimage / _cAl - Ghazali |
|
| 260 |
_bIslamic Book Trust, _c2009. _aKuala Lumpur: |
||
| 300 | _a163p | ||
| 650 | 0 |
_aHistory & geography _vIslamic History _92271 |
|
| 942 |
_cBK _2ddc _h297.352 _iGHA/S _k297.352 _mGHA/S |
||